|
|
|
|
| LEADER |
00000nam0a2200000 4500 |
| 001 |
254962 |
| 005 |
20231101233001.0 |
| 010 |
|
|
|a 5217006072
|
| 035 |
|
|
|a (RuTPU)RU\TPU\book\277464
|
| 090 |
|
|
|a 254962
|
| 100 |
|
|
|a 20140325d1989 k y0rusy50 ca
|
| 101 |
0 |
|
|a rus
|
| 102 |
|
|
|a RU
|
| 105 |
|
|
|a a z 001zy
|
| 200 |
1 |
|
|a Мосты сквозь время
|f М. Ф. Ребров
|
| 210 |
|
|
|a Москва
|c Машиностроение
|d 1989
|
| 215 |
|
|
|a 168 с.
|c ил.
|
| 320 |
|
|
|a Библиогр.: с. 166.
|
| 606 |
1 |
|
|a Ядерная, атомная, молекулярная физика
|2 stltpush
|3 (RuTPU)RU\TPU\subj\68877
|9 83976
|
| 606 |
1 |
|
|a Вселенная
|2 stltpush
|3 (RuTPU)RU\TPU\subj\3751
|9 32117
|
| 610 |
1 |
|
|a атом
|
| 610 |
1 |
|
|a космос
|
| 610 |
1 |
|
|a космофизика
|
| 610 |
1 |
|
|a космические летательные аппараты
|
| 675 |
|
|
|a 539.1
|v 3
|
| 675 |
|
|
|a 524.8
|v 3
|
| 700 |
|
1 |
|a Ребров
|b М. Ф.
|g Михаил Федорович
|
| 801 |
|
1 |
|a RU
|b 63413507
|c 20140325
|
| 801 |
|
2 |
|a RU
|b 63413507
|c 20140414
|g RCR
|
| 942 |
|
|
|c BK
|